L'Electra de Centelles, 70 anys d'història : electricitat i creixement econòmic electricitat i creixement econòmic
ISBN:
8476022417
Descripción Física:
164 p.; 24 cm
Colección:
L'Entorn ; 33
MARC
| LEADER | 00000nam a2200000Ia 4500 | ||
|---|---|---|---|
| 001 | 24292 | ||
| 003 | BGR | ||
| 005 | 20260324180617.0 | ||
| 008 | 160829s1997 xx 000 0 cat d | ||
| 020 | |a 8476022417 | ||
| 080 | |a Bib-218 | ||
| 100 | |a Ponce i Vivet, Santi |9 50046 | ||
| 245 | |a L'Electra de Centelles, 70 anys d'història : |b electricitat i creixement econòmic | ||
| 260 | |a Centelles : |b Eumo : |b Ajuntament de Centelles, |c 1997 | ||
| 300 | |a 164 p.; |c 24 cm | ||
| 490 | |a L'Entorn ; 33 | ||
| 590 | |a Amb la col·loboració de la Diputació de Barcelona | ||
| 650 | |a Electra Municipal de Centelles |x Història |9 50047 | ||
| 650 | |a Empreses elèctriques |x Catalunya |x Centelles |9 50048 | ||
| 710 | 1 | |a Centelles (Catalunya). |b Ajuntament |9 53927 | |
| 710 | 1 | |a Barcelona (Catalunya : Província). |b Diputació |9 52408 | |
| 901 | |a Arxiu | ||
| 942 | |n 1 |2 udc |c MON | ||
| 952 | |0 0 |1 0 |4 0 |6 BIB218 |7 1 |9 55757 |a Arxiu |b Arxiu |d 2016-12-01 |l 0 |o Bib-218 |p 24292 |r 2016-12-01 00:00:00 |w 2016-12-01 |y ARXIU | ||
| 999 | |c 59630 |d 59630 | ||